Mujer y mundo laboral en Panamá /
Furkejuvvon:
| Váldodahkki: | |
|---|---|
| Materiálatiipa: | Texto |
| Fáttát: | |
| Fáddágilkorat: |
Lasit fáddágilkoriid
Eai fáddágilkorat, Lasit vuosttaš fáddágilkora!
|
MARC
| LEADER | 00000 a a2200000 04500 | ||
|---|---|---|---|
| 001 | 9381 | ||
| 003 | |||
| 040 | |||
| 100 | |a Bolaños Moreno, Vielka | ||
| 245 | |a Mujer y mundo laboral en Panamá / |c Vielka Bolaños Moreno | ||
| 650 | |a MUJERES | ||
| 650 | |a MERCADO DE TRABAJO | ||
| 650 | |a RELACIONES LABORALES | ||
| 650 | |a AJUSTE ESTRUCTURAL | ||
| 650 | |a POLITICA GUBERNAMENTAL | ||
| 650 | |a PARTICIPACION DE LA MUJER | ||
| 650 | |a EMPLEO | ||
| 650 | |a TRABAJO | ||
| 773 | |g número 417; páginas 34-54 | ||
| 999 | |c 22699 |d 22699 | ||
